Čislennaja realizacija radiacionnych metodov /

Uložené v:
Podrobná bibliografia
Hlavný autor: Michlin, Solomon Grigor'jevič, 1908-1990 (Author)
Médium: Kniha
Jazyk:Russian
Vydané: Moskva : Nauka, 1966.
Vydanie:1. izd.
ISBN: (viaz.)
Fyzický popis: 432 s.
Tagy: Pridať tag
Žiadne tagy, Buďte prvý kto otaguje tento záznam!

MARC

LEADER 00000nam a22000001a 4500
001 000103421
005 20091227163322.0
008 050216s1966 ru rus d
020 |a (viaz.) 
040 |a SVKKK  |b slo  |c SVKKK  |e AACR2 
041 0 |a rus 
044 |a ru 
100 1 |a Michlin, Solomon Grigor'jevič,  |d 1908-1990  |4 aut 
245 1 0 |a Čislennaja realizacija radiacionnych metodov /  |c Solomon Grigor'jevič Michlin. 
250 |a 1. izd. 
260 |a Moskva :  |b Nauka,  |c 1966. 
300 |a 432 s. 
910 |a svkkk 
998 |a BK 
090 |g SCKHL  |k Sklad Pribinova 2. posch.  |a III.92475  |j 373049  |i 103421-10  |4 Zastaraná  |s Vyradená